| 000 | 00440nam a2200133Ia 4500 | ||
|---|---|---|---|
| 008 | 170221s9999 xx 000 0 und d | ||
| 100 | _aMajharul Talukder | ||
| 245 | _aMobile Phone Banking Usage Behaviour: An Australian Perspective | ||
| 245 | _cMajharul Talukder, Ali Quazi, and Milind Sathye | ||
| 260 | _c2014 | ||
| 300 | _a3 : 2 | ||
| 650 | _xBusiness | ||
| 856 | _uhttp://ro.uow.edu.au/cgi/viewcontent.cgi?article=1505&context=aabfj | ||
| 999 |
_c311544 _d311544 |
||